7 vs. Wild Teilnehmer - Statistiken

Allgemein
  • Dieses Quiz wurde 48 mal gespielt
  • Das Durchschnittsergebnis liegt bei 6 aus 7
Antwortstatistiken
Nummer im Intro Teilnehmer % Korrekt
1 Joe Vogel
93%
3 Julia Beautx
93%
4 LetsHugo
90%
2 Selfiesandra
88%
5 Flying Uwe
85%
7 Joey Kelly
80%
6 Stefan
76%
Keine übereinstimmenden Quizze gefunden
Verteilung der Resultate
Anzahl Personen mit jedem Resultat
Perzentil nach korrekt beantworteten Fragen
Ihre Resultats-Entwicklung
Sie haben dieses Quiz noch nicht gespielt